000 07466cam a22021014i 4500
003 PE-LiUPU
005 20250813165608.0
008 150623s2003 sp a rb 001 0 spa d
020 _a8420010197
020 _a9788420010199
035 _a(Sirsi) i9788420010199
040 _aPE-LiUPU
_bspa
_cPE-LiUPU
_erda
041 1 _aspa
_heng
049 _aPRUA
082 0 4 _a664.81
_bT48
_221
100 1 _aThompson, A. Keith,
_eautor.
245 1 0 _aAlmacenamiento en atmósferas controladas de frutas y hortalizas /
_c A. Keith Thompson.
264 1 _aZaragoza :
_bAcribia,
_c2003.
300 _axiii, 273 páginas :
_bilustraciones ;
_c24 centímetros
336 _atext
_2rdacontent
337 _aunmediated
_2rdamedia
338 _avolume
_2rdacarrier
504 _aBibliografía : páginas 225-260.
504 _aÍndice : páginas 261-273.
505 0 _aIntroducción -- Uso actual del almacenamiento en atmósferas controladas para frutas y hortalizas -- El efecto del almacenamiento en atmósferas controladas sobre el sabor, la calidad y la fisiología -- Efecto del almacenamiento en atmósferas controladas sobre las plagas y enfermedades -- Influencia de factores medio-ambientales sobre el almacenamiento en atmósferas controladas -- Envasado en atmósferas modificadas -- Condiciones recomendadas en el almacenamiento en atmósferas controladas de productos seleccionados.
526 _aP203
526 _aP200
526 _aSEG65
526 _aSEG64
526 _aSEG63
526 _aSEG62
526 _aSEG61
526 _aSEG60
526 _aSEG59
526 _aSEG58
526 _aSEG57
526 _aSEG56
526 _aSEG55
526 _aSEG54
526 _aSEG53
526 _aSEG52
526 _aSEG51
526 _aSEG50
526 _aSEG49
526 _aSEG48
526 _aSEG47
526 _aSEG46
526 _aSEG24
526 _aSEG23
526 _aSEG22
526 _aSEG21
526 _aSEG20
526 _aSEG19
526 _aSEG18
526 _aSEG17
526 _aSEG16
526 _aSEG14
526 _aSEG13
526 _aSEG12
526 _aSEG11
526 _aSEG10
526 _aSEG09
526 _aSEG06
526 _aSEG05
526 _aSEG04
526 _aSEG03
526 _aSEG02
526 _aSEG68
526 _aSEG66
526 _aSEG45
526 _aSEG25
526 _aSEG01
526 _aP163
526 _aP162
526 _aP161
526 _aP160
526 _aP159
526 _aP158
526 _aP157
526 _aP156
526 _aP155
526 _aP154
526 _aP153
526 _aP152
526 _aP151
526 _aP150
526 _aP149
526 _aP142
526 _aP141
526 _aP140
526 _aP139
526 _aP138
526 _aP137
526 _aP132
526 _aP131
526 _aP130
526 _aP126
526 _aP125
526 _aP124
526 _aP123
526 _aP115
526 _aP122
526 _aP121
526 _aP116
526 _a P114
526 _aP112
526 _aP111
526 _aP104
526 _aP103
526 _aP102
526 _aP101
526 _aP100
526 _aP96
526 _aP95
526 _aP93
526 _aP92
526 _aP91
526 _aP88
526 _aP83
526 _aP82
526 _aP79
526 _aP78
526 _aP75
526 _aP74
526 _aP71
526 _aP69
526 _a P51
526 _aP49
526 _aP48
526 _aP47
526 _aP33
526 _aP31
526 _a P30
526 _aP29
526 _aP27
526 _aP26
526 _aP25
526 _aP24
526 _a P22
526 _aP10
526 _aP09
526 _a P08
526 _aP06
526 _aP05
526 _aP04
526 _aP01
534 _pTítulo Original :
_tControlled atmosphere storage of fruits and vegetables.
541 _g001-0029998;
541 _g015-009039;
541 _g001-0028211;
541 _g001-0036393;
541 _g0030-0000286;
541 _g031446;
541 _gF002-00000769;
650 1 4 _aFrutas
_xAlmacenamiento.
650 2 4 _aPlantas
_xAlmacenamiento.
650 2 4 _aAtmósferas protectoras.
910 _adbm
_bjpc
_cjpc
_d20181221
942 _2ddc
_cBOOK
949 _a664.81 T48
_wDEWEY
_c1
_i57853
_lCCODEBUL1
_mBUL
_p50.00
_r0
_sY
_tBOOK
_u2015-6-24
_xINGENIERIA
_PP26
_0COMPRA
_o.STAFF. Colección General
949 _a664.81 T48
_wDEWEY
_c2
_i59754
_d2015-10-16
_e2015-10-15
_lCCODEBUL1
_mBUL
_n1
_p57.00
_r0
_sY
_tBOOK
_u2015-6-24
_xINGENIERIA
_PP26
_0COMPRA
_o.STAFF. Colección General
949 _a664.81 T48
_wDEWEY
_c3
_i58078
_lCCODEBUL1
_mBUL
_p57.00
_r0
_sY
_tBOOK
_u2015-6-24
_xINGENIERIA
_PP26
_0COMPRA
_o.STAFF. Colección General
949 _a664.81 T48
_wDEWEY
_c4
_i54013
_lCCODEBUL1
_mBUL
_p53.00
_r0
_sY
_tBOOK
_u2015-6-24
_xINGENIERIA
_PP26
_0COMPRA
_o.STAFF. Colección General
949 _a664.81 T48
_wDEWEY
_c5
_i56078
_lCCODEBUL1
_mBUL
_p53.00
_r0
_sY
_tBOOK
_u2015-6-24
_xINGENIERIA
_PP26
_0COMPRA
_o.STAFF. Colección General
949 _a664.81 T48
_wDEWEY
_c6
_i66088
_lCCODEBUL1
_mBUL
_p62.00
_r0
_sY
_tBOOK
_u2015-6-24
_xINGENIERIA
_PP26
_0COMPRA
_o.STAFF. Colección General
949 _a664.81 T48 2003
_wDEWEY
_c1
_iFJ11803
_lCCODEBUJ1
_mBUL
_p50.00
_r0
_sY
_tBOOK
_u2018-10-11
_xINGENIERIA
_PP26
_0COMPRA
_o.STAFF. Colección General Juliaca
994 _aC0
_bPEPRU
596 _a1 3
999 _a664.81 T48
_wDEWEY
_c34985
_i57853
_d34985
_f2021-11-9
_g7
_lCCODEBUL1
_mBUL
_p50.00
_q1
_r0
_sY
_tBOOK
_u2015-6-24
_xINGENIERIA
_PP26
_0COMPRA
_o.STAFF. Colección General
999 _a664.81 T48
_wDEWEY
_c2
_i59754
_d2018-6-28
_e2018-6-22
_f2021-11-9
_g7
_lCCODEBUL1
_mBUL
_n4
_p57.00
_q1
_r0
_sY
_tBOOK
_u2015-6-24
_xINGENIERIA
_PP26
_0COMPRA
_o.STAFF. Colección General
999 _a664.81 T48
_wDEWEY
_c3
_i58078
_f2021-11-9
_g7
_lCCODEBUL1
_mBUL
_p57.00
_r0
_sY
_tBOOK
_u2015-6-24
_xINGENIERIA
_PP26
_0COMPRA
_o.STAFF. Colección General
999 _a664.81 T48
_wDEWEY
_c4
_i54013
_d2018-6-27
_f2021-11-9
_g7
_lCCODEBUL1
_mBUL
_p53.00
_q1
_r0
_sY
_tBOOK
_u2015-6-24
_xINGENIERIA
_PP26
_0COMPRA
_o.STAFF. Colección General
999 _a664.81 T48
_wDEWEY
_c5
_i56078
_f2021-11-9
_g7
_lCCODEBUL1
_mBUL
_p53.00
_r0
_sY
_tBOOK
_u2015-6-24
_xINGENIERIA
_PP26
_0COMPRA
_o.STAFF. Colección General
999 _a664.81 T48
_wDEWEY
_c6
_i66088
_d2018-4-16
_f2021-11-9
_g7
_lCCODEBUL1
_mBUL
_p62.00
_q1
_r0
_sY
_tBOOK
_u2015-6-24
_xINGENIERIA
_PP26
_0COMPRA
_o.STAFF. Colección General
999 _a664.81 T48
_wDEWEY
_c7
_i79639
_d2019-4-11
_e2019-4-4
_f2021-11-9
_g4
_lCCODEBUL1
_mBUL
_n3
_p47.00
_r0
_sY
_tBOOK
_u2018-12-21
_xINGENIERIA
_PP26
_0COMPRA
_1FCOMPR2
_o.STAFF. Colección Ingeniería y Arquitectura
999 _a664.81 T48 2003
_wDEWEY
_c1
_iFJ11803
_d2018-10-19
_f2022-2-1
_g3
_lCCODEBUJ1
_mBUJ
_p50.00
_q1
_r0
_sY
_tBOOK
_u2018-10-11
_xINGENIERIA
_PP26
_0COMPRA
_o.STAFF. Colección General Juliaca
980 _81
_gALBERTO SANCHEZ Responsable de Automatización